000 00311nam a2200145 i 4500
001 bg
100 1 _aKATUSZEWSKI, A.
245 0 _aBadania odbiorników TV.
250 _aWyd.2.
260 _aWarszawa,
_c1977.
040 _cBPK
041 _apol
942 _cKS
008 s pl f |000 0 pol
999 _c27001
_d27001
856 _uhttp://koha.tu.koszalin.pl/cgi-bin/koha/opac-detail.pl?biblionumber=27001
_yKatalog online BPK